000 00580nam a2200169Ia 4500
008 090201s9999 xx 000 0 und d
010 _aKPL-70764
040 _bमराठी
041 _aमराठी
082 _a49131
_b70764
100 _a ठाकूर दिलीप
245 _aकरंट बुकिंग ( रामबाग )
_c ठाकूर दिलीप
260 _c2005
_bसंवेदना प्रकाशन
300 _a168
_bमध्यम
600 _aकरंट बुकिंग ( रामबाग )
942 _cBOOK
999 _c245715
_d245715